MDQL
is popping MORE tags! Check the
thread
!
Quizzes
Events
Quiz Creation
Community
Videos
Private Events
Remove Ads
Sign In
Join for FREE
Feedback
Dark Mode
Quiz Categories
Sports
Geography
Music
Movies
Television
Just For Fun
Miscellaneous
History
Literature
Language
Science
Gaming
Entertainment
Religion
Holiday
For Kids
Quiz Lab
Recent
Popular Today
Quiz Kudos Today
Editor Picks
Curator Picks
Quizzes by...
Day
Popularity
Type
Ratings
Length
Year
Community
Subscriptions
Recent Discussions
Orange Saloon
Badges
Playlists
Quests
Create
Leaderboards
Showdown
Live 5
Trivia Bingo
Activity
Puzzle Library
Sporcle Events
Private Events
Virtual Trivia
Globe League
Become a Host
Pub Owners
SporcleCon
Opinionation
Our Games
Videos
Blog
Mobile Apps
Partnerships
Remove Ads and Go Orange
Feedback
Miscellaneous
Crossword
General Knowledge
Baby Names
Logo
Food
Cars
Numbers
Grab Bag
University
College
Popular
Company
Slogans
Restaurants
Justice
Letter
Miscellaneous
Crossword
General Knowledge
Baby Names
Logo
Food
Cars
Numbers
Grab Bag
University
College
Popular
Company
Slogans
Restaurants
Justice
Letter
Random Quiz
Search Sporcle
×
Quiz Lab
Quiz Lab
Miscellaneous
Baby Names
Type in answers that appear in a list
Type in answers that appear in a list
Classic
Best Score? Go Orange.
Baby Girl Names: New Zealand 2013 Stats
Can you guess what Kiwis named their girls in 2013?
By
zelia
8m
100 Questions
130 Plays
130 Plays
130 Plays
Comments
Comments
Give Quiz Kudos
Give Quiz Kudos
-
- Ratings
hide this ad
Replay
Link that replays current quiz
Next Quiz
Link to next quiz in quiz playlist
You Got
0%
They Got
Avg Score
57%
Avg Friend Score
Upgrade to see
Score Distribution
Jump to the score distribution portion of the page
Score
0/100
Timer
08:00
0
Plays Today
Rank
Name
% Correct
15
Emma
93.1%
2
Emily
88.5%
5
Olivia
86.9%
7
Amelia
86.9%
61=
Anna
86.9%
38
Elizabeth
86.2%
14
Lily
84.6%
12
Grace
83.8%
23
Hannah
83.8%
83=
Isabel
83.8%
16
Sophia
82.3%
4
Sophie
81.5%
8
Ava
81.5%
9
Isabella
81.5%
1
Charlotte
80.8%
10
Ella
80.8%
20
Zoe
80%
25
Jessica
80%
73=
Sarah
80%
44=
Isabelle
78.5%
11
Chloe
76.9%
13
Mia
76.9%
26
Eva
76.9%
67
Rose
76.2%
17
Lucy
75.4%
69=
Natalie
75.4%
55
Alice
73.8%
73=
Ellie
73.1%
69=
Evelyn
72.3%
3
Ruby
71.5%
27
Madison
71.5%
51=
Sofia
70%
41=
Abigail
69.2%
48=
Lilly
69.2%
Rank
Name
% Correct
43
Alexis
68.5%
82
Alexandra
67.7%
50
Leah
66.9%
69=
Victoria
66.9%
81
Kate
66.9%
96=
Kayla
66.2%
46
Samantha
64.6%
86=
Brooke
64.6%
53=
Jasmine
63.1%
31
Bella
62.3%
58=
Molly
62.3%
96=
Faith
62.3%
48=
Holly
61.5%
21
Georgia
60%
39
Ivy
60%
24
Aria
59.2%
29=
Scarlett
59.2%
58=
Layla
59.2%
6
Isla
57.7%
47
Violet
57.7%
73=
Alyssa
57.7%
86=
Taylor
57.7%
60
Addison
56.9%
40
Poppy
56.2%
63
Annabelle
55.4%
96=
Claire
54.6%
66
Brooklyn
53.1%
83=
Amber
53.1%
19
Harper
52.3%
22
Paige
52.3%
79=
Lola
50.8%
83=
Jade
50.8%
35
Sienna
49.2%
32
Zara
47.7%
Rank
Name
% Correct
36=
Summer
46.2%
86=
Hayley
46.2%
33
Willow
45.4%
92=
Madeleine
43.8%
73=
Phoebe
42.3%
90=
Millie
41.5%
36=
Maddison
40.8%
56=
Stella
40.8%
61=
Caitlin
40%
90=
Imogen
38.5%
56=
Aaliyah
37.7%
53=
Olive
36.9%
95
Matilda
36.2%
34
Mackenzie
35.4%
29=
Eden
34.6%
73=
Nina
34.6%
64=
Peyton
33.1%
18
Mila
32.3%
86=
Florence
31.5%
69=
Nevaeh
30.8%
73=
Charlie
30.8%
28
Maia
30%
64=
Piper
29.2%
79=
Keira
28.5%
96=
Mikayla
26.9%
100
Indi
21.5%
41=
Hazel
19.2%
92=
Aurora
19.2%
51=
Indie
15.4%
92=
Esther
14.6%
44=
Pippa
11.5%
68
Ayla
10%
Quiz Playlist
Details
Report
Send in Message
Add To Playlist
Classic:
Type in answers that appear in a list
Quiz Source
Last Updated: Feb 16, 2017
Quiz Scoreboard
CHALLENGE
Sign Up to Join the Scoreboard
Show All
Scores
Hide
Comments
May contain spoilers
Recently Published
Colored Red Africa Blitz
by spor1
Geography
30s
Find the 'City' Movie
by crazypaving
Movies
60s
5x2 Blitz: Bands
by SL_Kpop136
Music
30s
More to Explore
Quiz From the Vault
Featured Blog Post
14 Easter Pick-up Lines to Find Eggs With
hide this ad
You Might Also Like...
Tags
Baby Names Quiz
2013
girl
Girl Names
New Zealand
Today's Top Quizzes in Miscellaneous
Browse Miscellaneous
hide this ad
Today's Top Quizzes in Baby Names
Browse Baby Names
Top Contributed Quizzes in Miscellaneous
1
The JOE quick-fire general knowledge quiz: Day 174
2
5-to-1: Fast Food
3
9x9 Crossword: Disney Movie Titles
4
9x9 Crossword: Charlie and the Chocolate Factory
5
9x9 Crossword: Actors
6
9x9 Crossword: 2022 Movies
7
9x9 Crossword: The Simpsons
8
9x9 Crossword: Pixar Movie Titles
9
The JOE quick-fire general knowledge quiz: Day 173
10
9x9 Crossword: Flags
Explore More
Trending Topics
Anime
NBA
Marvel
Kpop
Harry Potter
Disney
Crossword
Song
Puzzle
The Office
WWE
Soccer
NFL
Country
Pokémon
hide this ad
More By:
zelia
Quiz
Plays
Rating
Category
Featured
Created
Kiwi kid names 2004 (Girls)
503
4.75
Miscellaneous
Oct 30, 2011
Cat Stevens song - no hint III
502
4.67
Music
Sep 4, 2011
Cat Stevens song - no hint II
427
2.71
Music
Sep 4, 2011
Kiwi kid names 2004 (Boys)
407
4.57
Miscellaneous
Oct 30, 2011
Cat Stevens song - no hint I
378
2.75
Music
Sep 4, 2011
Go to Creator's Profile
Score Distribution
Quiz Creator Spotlight
zelia
Follow
Send a Message
Quizzes Created
-
Created Quiz Play Count
-
More By This Creator
Popular Quizzes Today
1
Colored Red Africa Blitz
2
Find the 'City' Movie
3
Find the US States - No Outlines Minefield
4
5x2 Blitz: Bands
5
The Countries of the World
6
Find the US States
7
US States
8
Find the Countries of Europe - No Outlines Minefield
More Miscellaneous Quizzes
10-Letter Sorting Gallery
Published
Trending Quizzes
Colored Red Europe Blitz I
Colored Red Europe Blitz II
Colored Red Africa Blitz II
Colored Red Europe Blitz III
Colored Red Africa Blitz III
Recently Updated
How Do You Spell That?
pecheneg
Godzilla Movies
pecheneg
Grab Bag: 4-10 Letters
pecheneg
2024 March Madness Bracket
pecheneg
Famous TV Couples
Peacemaker
Champions League XIs: Real Madrid
pecheneg
Largest US Cities 1790-2010
pecheneg
Rides in Walt Disney World
pecheneg
Most Oscar Losses (Acting)
pecheneg
Beyoncé Albums
pecheneg
Trending Topics
Kpop
Crossword
Disney
NBA
Anime
Marvel
Harry Potter
Country
Song
The Office
Puzzle
Pokémon
Soccer
WWE
NFL
Your Account Isn't Verified!
In order to create a playlist on Sporcle, you need to verify the email address you used during registration. Go to your
Sporcle Settings
to finish the process.
Report this User
Report this user for behavior that violates our
Community Guidelines
.
Details:
Send Report
Go to the Sporcle.com Mobile Site →
Comments